000 00525nam a2200169 a 4500
005 20240511063710.0
008 991125s1908 mx 000 0 spa u
035 _aUPN01000018968
049 _aLT
050 4 _aLB1577 M6
_bC3.3
100 1 _aCarrillo, Carlos A.,
_d1855-1893
245 1 0 _aElementos de idioma español /
_cpor Carlos A. Carrillo.
260 _aMéxico :
_bImpr. y Encuadernación de Guerrero Hnos.,
_c1908.
300 _a60 p.
650 4 _aEspañol
_xEstudio y enseñanza (Elemental)
_92806
905 _aLibro
999 _c18968
_d18968